000 00574nam a2200217 i 4500
001 bg
100 1 _aGREENWOOD, Jean
245 0 _aClass readers /
_cJean Greenwood.
250 _a[3rd impr.].
260 _aOxford :
_bOxford University Press,
_c1990.
300 _a[8], 151 s. :
_bfot., rys. ;
_c25 cm.
490 1 _aResource Books for Teachers
830 _aResource Books for Teachers
020 _a0194371034
040 _cBPK
041 _apol
080 _a802.0(075.8)
920 _a0-19-437103-4
942 _cKS
008 s pl f |000 0 pol
999 _c5408
_d5408
856 _uhttp://koha.tu.koszalin.pl/cgi-bin/koha/opac-detail.pl?biblionumber=5408
_yKatalog online BPK